Личность. Индивидуальность. Общество. Проблема индивидуализации и ее социально-философский смысл

Dades bibliogràfiques
Autor principal: Резвицкий И. И. Иван Иванович
Idioma:rus
Publicat: Москва, Политиздат, 1984
Col·lecció:Актуальные проблемы исторического материализма
Matèries:
Format: MixedMaterials Llibre
KOHA link:https://koha.lib.tpu.ru/cgi-bin/koha/opac-detail.pl?biblionumber=283324

MARC

LEADER 00000nam0a2200000 4500
001 283324
005 20231101235603.0
035 |a (RuTPU)RU\TPU\book\307387 
090 |a 283324 
100 |a 20150205d1984 m y0rusy50 ca 
101 0 |a rus 
102 |a RU 
105 |a y z 001zy 
200 1 |a Личность. Индивидуальность. Общество. Проблема индивидуализации и ее социально-философский смысл  |f И. И. Резвицкий 
210 |a Москва  |c Политиздат  |d 1984 
215 |a 141 с.  |c ил. 
225 1 |a Актуальные проблемы исторического материализма 
320 |a Библиография в ссылках. 
606 1 |a Личность и общество  |2 stltpush  |3 (RuTPU)RU\TPU\subj\40539  |9 60385 
610 1 |a индивидуальность 
610 1 |a индивидуализация 
610 1 |a бытие 
610 1 |a познание 
610 1 |a научное творчество 
610 1 |a социалистический образ жизни 
686 |a Ю612.3  |v LBC/SL-A  |2 rubbk 
700 1 |a Резвицкий  |b И. И.  |g Иван Иванович 
801 1 |a RU  |b 63413507  |c 20150205 
801 2 |a RU  |b 63413507  |c 20170919  |g RCR 
942 |c BK